000 00302nam a22001337a 4500
008 170601b xxu||||| |||| 00| 0 eng d
020 _a9280810820
041 _aeng
080 _a94(6)
100 _a17
101 _aSHH
245 _aREFORMING AFRICA'S INSTITUTIONS
_cMUGERWA, S.K
942 _2udc
_cBK
999 _c15361
_d15361